[Event "Schoelcher Martinique op"]
[Site "Schoelcher "]
[Date "2013.04.06"]
[Round "7"]
[White "Elice, Florent"]
[Black "Suez Panama, Gilles"]
[Result "1/2-1/2"]
[WhiteElo "2009"]
[BlackElo "2047"]
[PlyCount "143"]
[EventDate "2013.04.03"]
[EventType "swiss"]
[EventRounds "9"]
[EventCountry "MFR"]
[SourceTitle "CBM 153 Extra"]
[Source "ChessBase"]
[SourceDate "2013.04.22"]
[SourceVersion "1"]
[SourceVersionDate "2013.04.22"]
[SourceQuality "1"]

1. Nf3 d5 2. g3 c6 3. Bg2 e6 4. 0-0 Bd6 5. d3 Nf6 6. Nc3 Nbd7 7. Re1 e5 8. e4 d4 9. Ne2 0-0 10. Nh4 Re8 11. Rf1 Nf8 12. h3 Ng6 13. Nxg6 hxg6 14. Bg5 Qb6 15. b3 Nh5 16. g4 Nf4 17. Nxf4 exf4 18. f3 Qc5 19. Bh4 g5 20. Be1 a5 21. a4 g6 22. Rf2 Be6 23. Bf1 Kg7 24. Rh2 Rh8 25. Re2 Rh7 26. Rf2 Rah8 27. Qd2 b6 28. Qe2 Qe5 29. Bg2 f5 30. exf5 gxf5 31. Qxe5+ Bxe5 32. Bd2 Bd5 33. Re1 Kf6 34. Rfe2 Re7 35. Kf2 Rhe8 36. Ra1 c5 37. Rae1 Bc6 38. Bf1 Rh8 39. Bg2 Bd5 40. Rh1 fxg4 41. hxg4 Rxh1 42. Bxh1 Rh7 43. Bg2 Bc6 44. Re1 Bc7 45. Rh1 Rxh1 46. Bxh1 b5 47. axb5 Bxb5 48. Ke2 a4 49. bxa4 Bxa4 50. Kd1 c4 51. dxc4 d3 52. Kc1 Bxc2 53. Bc3+ Ke6 54. Bg2 Bb6 55. Bf1 Be3+ 56. Kb2 Kd6 57. Bf6 Kc5 58. Kc3 Bd1 59. Be7+ Kc6 60. Bxd3 Bxf3 61. Bf5 Be2 62. Bxg5 Kd6 63. Kb4 Bd2+ 64. Kb5 f3 65. Bh4 Be3 66. g5 f2 67. Bh3 f1Q 68. Bxf1 Bxf1 69. g6 Bd4 70. Be1 Bd3 71. Bg3+ Kd7 72. g7 1/2-1/2

[Event "Schoelcher Martinique op"]
[Site "Schoelcher "]
[Date "2013.04.05"]
[Round "5"]
[White "Elice, Florent"]
[Black "Chancerel, Dominique"]
[Result "1-0"]
[WhiteElo "2009"]
[BlackElo "1831"]
[PlyCount "141"]
[EventDate "2013.04.03"]
[EventType "swiss"]
[EventRounds "9"]
[EventCountry "MFR"]
[SourceTitle "CBM 153 Extra"]
[Source "ChessBase"]
[SourceDate "2013.04.22"]
[SourceVersion "1"]
[SourceVersionDate "2013.04.22"]
[SourceQuality "1"]

1. e4 e5 2. Nf3 Nc6 3. d4 exd4 4. Bc4 Nf6 5. 0-0 d6 6. Nxd4 Ne5 7. Nd2 Be7 8. Bb3 0-0 9. h3 c6 10. Re1 b5 11. N2f3 Qb6 12. c3 Rd8 13. Qe2 a6 14. Bf4 Ng6 15. Bh2 c5 16. Nf5 Bf8 17. Rad1 d5 18. Ng3 c4 19. Bc2 Re8 20. Qf1 Bb7 21. e5 Nd7 22. Nf5 Bc5 23. Nd6 Bxd6 24. exd6 b4 25. Bf5 Ngf8 26. Nd4 g6 27. Bxd7 Nxd7 28. Re7 Rxe7 29. dxe7 Qc5 30. Re1 Re8 31. Qe2 Nf6 32. Ne6 Qxe7 33. Nd4 Qxe2 34. Rxe2 Rxe2 35. Nxe2 bxc3 36. bxc3 Bc8 37. Be5 Nd7 38. Bd4 Nb8 39. Nf4 Be6 40. Kf1 Nc6 41. Bf6 Kf8 42. Ke2 Ke8 43. Ke3 Kd7 44. g4 Kd6 45. Ne2 a5 46. Kf4 h6 47. Bg7 h5 48. gxh5 gxh5 49. h4 a4 50. f3 Ne7 51. Bf8 Kd7 52. Bxe7 Kxe7 53. Kg5 Bh3 54. Kxh5 Bf1 55. Nd4 Bd3 56. a3 Kf6 57. Kg4 Kg6 58. Nc6 f6 59. Ne7+ Kh6 60. Nxd5 f5+ 61. Kg3 Bc2 62. Nb6 Bb3 63. Kf4 Kh5 64. Kxf5 Kxh4 65. f4 Kg3 66. Ke5 Kf3 67. f5 Bc2 68. f6 Bg6 69. Nxc4 Ke2 70. Nb6 Kd3 71. c4 1-0

[Event "Schoelcher Martinique op"]
[Site "Schoelcher "]
[Date "2013.04.05"]
[Round "6"]
[White "Sanikidze, Tornike"]
[Black "Elice, Florent"]
[Result "1-0"]
[WhiteElo "2559"]
[BlackElo "2009"]
[PlyCount "61"]
[EventDate "2013.04.03"]
[EventType "swiss"]
[EventRounds "9"]
[EventCountry "MFR"]
[SourceTitle "CBM 153 Extra"]
[Source "ChessBase"]
[SourceDate "2013.04.22"]
[SourceVersion "1"]
[SourceVersionDate "2013.04.22"]
[SourceQuality "1"]

1. d4 d6 2. Nf3 Nf6 3. c4 g6 4. Nc3 Bg7 5. e4 0-0 6. Be2 Nbd7 7. 0-0 e5 8. Re1 h6 9. Bf1 c6 10. Rb1 a5 11. b3 Ne8 12. Bb2 f5 13. exf5 gxf5 14. dxe5 dxe5 15. Nxe5 Qc7 16. Ng6 Ne5 17. Nxf8 Kxf8 18. Ba3+ Kg8 19. f4 Be6 20. fxe5 Bxe5 21. Kh1 Bf7 22. Qf3 Ng7 23. g3 Bh5 24. Qe3 Re8 25. Bg2 Bg4 26. Qxh6 Re6 27. Qg5 Kh7 28. Bb2 Nh5 29. Rxe5 Qxe5 30. Ne4 Qc7 31. Nf6+ 1-0

[Event "Schoelcher Martinique op"]
[Site "Schoelcher "]
[Date "2013.04.04"]
[Round "4"]
[White "Lafortune, Emerick"]
[Black "Elice, Florent"]
[Result "0-1"]
[WhiteElo "1684"]
[BlackElo "2009"]
[PlyCount "85"]
[EventDate "2013.04.03"]
[EventType "swiss"]
[EventRounds "9"]
[EventCountry "MFR"]
[SourceTitle "CBM 153 Extra"]
[Source "ChessBase"]
[SourceDate "2013.04.22"]
[SourceVersion "1"]
[SourceVersionDate "2013.04.22"]
[SourceQuality "1"]

1. Nf3 Nf6 2. c4 g6 3. g3 Bg7 4. Bg2 0-0 5. 0-0 d6 6. d4 Nbd7 7. Nc3 c5 8. e4 cxd4 9. Nxd4 Ne5 10. b3 Bd7 11. h3 a6 12. Be3 Nc6 13. Rc1 Qa5 14. f4 Kh8 15. Rf2 Rac8 16. Kh2 Rfd8 17. Nd5 Nxd5 18. exd5 Nxd4 19. Bxd4 Bxd4 20. Qxd4+ Kg8 21. Re2 Re8 22. Rce1 Qd8 23. Qa7 Rc7 24. Qb6 Bc8 25. Re3 Kf8 26. Qd4 Kg8 27. Qf6 Qd7 28. Qh4 b5 29. Bf1 bxc4 30. Bxc4 a5 31. g4 a4 32. f5 axb3 33. axb3 Ra7 34. f6 Ra2+ 35. Kh1 h5 36. gxh5 Qf5 37. hxg6 fxg6 38. Qh6 Qxf6 39. Rg3 Bf5 40. Rf1 Be4+ 41. Kg1 Qd4+ 42. Qe3 Rg2+ 43. Kh1 0-1

[Event "Schoelcher Martinique op"]
[Site "Schoelcher "]
[Date "2013.04.03"]
[Round "1"]
[White "Elice, Florent"]
[Black "Bauer, Christian"]
[Result "0-1"]
[WhiteElo "2009"]
[BlackElo "2631"]
[PlyCount "64"]
[EventDate "2013.04.03"]
[EventType "swiss"]
[EventRounds "9"]
[EventCountry "MFR"]
[SourceTitle "CBM 153 Extra"]
[Source "ChessBase"]
[SourceDate "2013.04.22"]
[SourceVersion "1"]
[SourceVersionDate "2013.04.22"]
[SourceQuality "1"]

1. e4 g6 2. Nc3 Bg7 3. g3 c6 4. Bg2 Nf6 5. Nge2 0-0 6. 0-0 d5 7. d3 Na6 8. exd5 cxd5 9. h3 e6 10. d4 Ne8 11. Nf4 Nb4 12. h4 Nc6 13. Nce2 Nd6 14. c3 a5 15. a4 b6 16. h5 Ba6 17. hxg6 hxg6 18. Bf3 Ne4 19. Kg2 Ng5 20. Bg4 e5 21. Nh3 Nh7 22. dxe5 Nxe5 23. Nef4 Bxf1+ 24. Kxf1 d4 25. Be2 dxc3 26. Qb3 Qd7 27. Ng1 Nf6 28. bxc3 Ne4 29. Be3 Rfd8 30. Nf3 Ng4 31. Kg2 Nxe3+ 32. fxe3 Qg4 0-1

[Event "FRA-ch op-B"]
[Site "Caen"]
[Date "2011.08.23"]
[Round "7"]
[White "Veys, Vincent"]
[Black "Elice, Florent"]
[Result "1-0"]
[WhiteElo "1859"]
[BlackElo "1991"]
[PlyCount "93"]
[EventDate "2011.08.16"]
[EventType "swiss"]
[EventRounds "11"]
[EventCountry "FRA"]
[SourceTitle "EXT 2012"]
[Source "ChessBase"]
[SourceDate "2011.11.24"]
[SourceVersion "1"]
[SourceVersionDate "2011.11.24"]
[SourceQuality "1"]

1. e4 d6 2. Nc3 Nf6 3. d3 e5 4. g3 Nc6 5. Bg2 Be6 6. Nge2 Qd7 7. a3 Bh3 8. 0-0 h5 9. f4 h4 10. f5 Bxg2 11. Kxg2 hxg3 12. hxg3 d5 13. Bg5 d4 14. Nb1 Be7 15. Rh1 0-0-0 16. Bxf6 Bxf6 17. Nd2 g6 18. Qf1 Rxh1 19. Kxh1 Bg5 20. Nf3 Rh8+ 21. Kg2 Be3 22. Nh2 f6 23. Ng4 Bg5 24. Qf3 gxf5 25. Qxf5 Qxf5 26. exf5 Ne7 27. Rf1 Nd5 28. c4 Ne3+ 29. Nxe3 Bxe3 30. Ng1 Bxg1 31. Rxg1 Kd7 32. g4 Ke7 33. Kg3 Kf7 34. b4 Kg7 35. Re1 Kf7 36. a4 c6 37. c5 Re8 38. Rh1 Kg7 39. Kf3 Rh8 40. Rxh8 Kxh8 41. Ke4 Kg7 42. g5 a6 43. gxf6+ Kxf6 44. a5 Ke7 45. Kxe5 Kf7 46. f6 Ke8 47. Ke6 1-0

[Event "FRA-ch op-B"]
[Site "Caen"]
[Date "2011.08.19"]
[Round "4"]
[White "Elice, Florent"]
[Black "Doucet, Antoine"]
[Result "0-1"]
[WhiteElo "1991"]
[BlackElo "1840"]
[PlyCount "76"]
[EventDate "2011.08.16"]
[EventType "swiss"]
[EventRounds "11"]
[EventCountry "FRA"]
[SourceTitle "EXT 2012"]
[Source "ChessBase"]
[SourceDate "2011.11.24"]
[SourceVersion "1"]
[SourceVersionDate "2011.11.24"]
[SourceQuality "1"]

1. e4 c6 2. d4 d5 3. Nc3 dxe4 4. Nxe4 Bf5 5. Ng3 Bg6 6. h4 h6 7. Nf3 Nd7 8. h5 Bh7 9. Bd3 Bxd3 10. Qxd3 e6 11. Bf4 Qa5+ 12. Bd2 Qc7 13. 0-0-0 Ngf6 14. c4 Be7 15. Kb1 0-0 16. Ne4 c5 17. g4 Nxe4 18. Qxe4 Nf6 19. Qe2 Nh7 20. Rdg1 Ng5 21. Ne5 cxd4 22. f4 Nh7 23. g5 hxg5 24. Ng6 Rfc8 25. Nxe7+ Qxe7 26. fxg5 Qc5 27. g6 Nf6 28. gxf7+ Kxf7 29. Qg2 Rg8 30. Qxb7+ Qe7 31. Rxg7+ Rxg7 32. Qxa8 e5 33. Rf1 Qd7 34. Qf3 Qe6 35. h6 Rg6 36. Qh5 Qxc4 37. Rxf6+ Kxf6 38. h7 Rg1+ 0-1

[Event "FRA-ch op-B"]
[Site "Chartres"]
[Date "2005.08.24"]
[Round "8"]
[White "Aristegui, Michel"]
[Black "Elice, Florent"]
[Result "1-0"]
[WhiteElo "1900"]
[BlackElo "1930"]
[PlyCount "151"]
[EventDate "2005.08.15"]
[EventType "swiss"]
[EventRounds "11"]
[EventCountry "FRA"]
[SourceTitle "EXT 2006"]
[Source "ChessBase"]
[SourceDate "2005.11.24"]
[SourceVersion "1"]
[SourceVersionDate "2005.11.24"]
[SourceQuality "1"]

1. Nf3 Nf6 2. c4 e6 3. g3 b6 4. Bg2 Bb7 5. 0-0 Be7 6. b3 0-0 7. Bb2 d6 8. d3 Nbd7 9. Nbd2 Re8 10. Qc2 c5 11. Rac1 d5 12. Ne5 Nxe5 13. Bxe5 Bd6 14. Bb2 Rb8 15. cxd5 exd5 16. e4 d4 17. h3 Nh5 18. Nc4 Bc7 19. Rce1 Qg5 20. Bc1 Qg6 21. Nd2 h6 22. Nf3 Bd8 23. g4 Nf6 24. Bf4 Nd7 25. Bxb8 Nxb8 26. Nh2 Na6 27. f4 Nb4 28. Qd2 f6 29. a3 Na6 30. Nf3 Nc7 31. Nh4 Qf7 32. Nf5 Qd7 33. b4 Nb5 34. e5 fxe5 35. fxe5 Nc3 36. Bxb7 Qxb7 37. Nd6 Qc6 38. Nxe8 Qxe8 39. Rf5 Nd5 40. bxc5 Ne3 41. Rxe3 dxe3 42. Qxe3 bxc5 43. Qf4 Bg5 44. Qc4+ Kh7 45. e6 Be3+ 46. Kf1 Bd4 47. Rxc5 Bxc5 48. Qxc5 Qa4 49. Qe3 Qd1+ 50. Kf2 Qc2+ 51. Kf3 Qd1+ 52. Kg3 Qb1 53. e7 Qb8+ 54. Kf3 Qe8 55. Qe4+ Kg8 56. Qe6+ Qf7+ 57. Qxf7+ Kxf7 58. Ke4 Kxe7 59. Kf5 Kf7 60. d4 g6+ 61. Ke5 Ke7 62. h4 a5 63. d5 a4 64. d6+ Kd7 65. Kf6 g5 66. hxg5 hxg5 67. Kxg5 Kxd6 68. Kf6 Kc5 69. g5 Kc4 70. g6 Kb3 71. g7 Kxa3 72. g8Q Kb2 73. Qg2+ Kb3 74. Qf3+ Kb2 75. Qe2+ Kb3 76. Qb5+ 1-0

[Event "FRA-ch op-B"]
[Site "Chartres"]
[Date "2005.08.19"]
[Round "4"]
[White "Guerande, Pierre Franck"]
[Black "Elice, Florent"]
[Result "1/2-1/2"]
[WhiteElo "1890"]
[BlackElo "1930"]
[PlyCount "46"]
[EventDate "2005.08.15"]
[EventType "swiss"]
[EventRounds "11"]
[EventCountry "FRA"]
[SourceTitle "EXT 2006"]
[Source "ChessBase"]
[SourceDate "2005.11.24"]
[SourceVersion "1"]
[SourceVersionDate "2005.11.24"]
[SourceQuality "1"]

1. d4 Nf6 2. c4 e6 3. Nf3 b6 4. a3 Bb7 5. Nc3 Be7 6. Bg5 d6 7. Bxf6 Bxf6 8. e3 Be7 9. Bd3 Nd7 10. Qe2 0-0 11. 0-0 d5 12. e4 dxe4 13. Nxe4 h6 14. Rad1 Nf6 15. Nxf6+ Bxf6 16. Ne5 Bxe5 17. dxe5 Qe7 18. Be4 Bxe4 19. Qxe4 Rfd8 20. Qc6 Rxd1 21. Qxa8+ Qd8 22. Qf3 Rxf1+ 23. Kxf1 a5 1/2-1/2